[Event "Odorheiu Secuiesc"]
[Site "Odorheiu Secuiesc"]
[Date "1993.??.??"]
[Round "1"]
[White "Schwartzman, Gabriel"]
[Black "Ribli, Zoltan"]
[Result "1/2-1/2"]
[WhiteElo "2455"]
[BlackElo "2620"]
[Annotator "Stohl,I"]
[PlyCount "151"]
[EventDate "1993.05.??"]
[EventType "tourn"]
[EventRounds "11"]
[EventCountry "ROU"]
[EventCategory "12"]
[SourceTitle "CBM 036"]
[Source "ChessBase"]
[SourceDate "1993.10.01"]
[SourceVersion "1"]
[SourceVersionDate "1993.10.01"]
[SourceQuality "1"]

1. c4 {Glatman} c5 2. Nf3 Nf6 3. g3 b6 4. Bg2 Bb7 5. O-O e6 6. Nc3 Be7 7. d4
cxd4 8. Qxd4 d6 9. b3 O-O $5 (9... Nbd7 10. Rd1 (10. Nb5 Nc5 11. Rd1 d5 (11...
Nfe4 {Glatman} 12. Qxg7 $1 (12. b4 a6 $1 $14 {Greenfeld/}) 12... Bf6 13. Qh6
Bxa1 14. Ng5 Be5 15. b4 $16 {Korchnoi,V-Greenfeld,A Beer Sheva 1990 Inf 49/49/}
) 12. cxd5 exd5 $1 13. Bh3 O-O $132 (13... O-O 14. Bb2 a6 15. Nc3 Re8 16. Rac1
Ne6 17. Bxe6 fxe6 18. Na4 $16 {Korchnoi,V-Hjartarson,J Saint John 1988/}))
10... a6 11. Ba3 (11. e4 Qc8 $5 $13) 11... Nc5 12. Bb2 O-O 13. b4 Ncd7 14. e4
Qc7 15. Nd2 Rac8 16. Rac1 Rfe8 17. h3 Bf8 18. Ne2 Qb8 19. a3 Bc6 $10 {
Ljubojevic,L-Ftacnik,L/Novi Sad olm/1990/}) (9... a6 {Glatman} 10. Ba3 O-O 11.
Rfd1 Ne8 12. Qd3 Qc7 13. Ne4 Bxe4 14. Qxe4 d5 15. cxd5 Bxa3 16. Ng5 Nf6 17. Qa4
h6 18. Nxe6 fxe6 19. dxe6 Ra7 20. Qxa3 $44 {Korchnoi,V-Greenfeld,A Beer Sheva
1988/}) 10. Ba3 (10. Rd1 $142 Nbd7 11. e4 (11. Ba3 Nc5 12. Qe3 Rc8 13. Rac1 a6
14. h3 Qc7 15. Nd4 Rfe8 16. Bxb7 Qxb7 17. Bb2 {Epishin,V-Beliavsky,A/Reggio
Top 15/1991/} Bf8 $10) 11... Qb8 (11... a6 {Glatman} 12. Ba3 Nc5 13. e5 dxe5
14. Qxd8 $1 Rfxd8 15. Nxe5 Bxg2 16. Kxg2 Rdc8 17. Na4 $1 $14 {Vaganian,
R-Nogeiras,J Rotterdam 1989 Inf 47/49/}) 12. Ba3 Nc5 13. e5 dxe5 14. Qxe5 Qc8 {
/\Ncd7-+} 15. Qe2 $14 a6 $2 16. Na4 Nfd7 17. Rxd7 Qxd7 18. Nxb6 Qc7 19. Nxa8
Bxa8 20. Rd1 $18 {Salov,V-Adams,M/Wijk op/1993/}) 10... Na6 $5 (10... Nc6 11.
Qf4 d5 (11... Qb8 {Glatman} 12. Rfd1 d5 13. Bxe7 Nxe7 14. Ne5 $16 {Karpov,
A-Hansen,L Thessaloniki 1988/}) 12. Bxe7 Nxe7 13. Rfd1 (13. Ne5 $5 $14) 13...
Ng6 14. Qe3 Qe7 15. cxd5 Nxd5 16. Nxd5 Bxd5 17. Nd4 Bxg2 18. Kxg2 Rac8 19. Rd2
Rfd8 20. Rad1 Rd5 $10 {Ftacnik,L-Adams,M/Manila izt/1990/}) 11. Rfd1 (11. e4
Nc5 12. e5 Bxf3 $1 13. Bxf3 dxe5 14. Qe3 (14. Qxe5 $2 Ncd7 15. Bxe7 Nxe5 16.
Bxd8 Nxf3+ 17. Kg2 Raxd8 18. Kxf3 Rd3+ $19) 14... e4 (14... Rc8 $5) 15. Bxe4
Nfxe4 16. Nxe4 Nxe4 17. Bxe7 Qxe7 18. Qxe4 Rad8 19. Rfd1 Rd6 20. Rac1 Rfd8 $10
{Stangl,M-Moiseev,V/Nettetal/1992/}) 11... Nc5 12. Nb5 (12. Rac1 {Glatman} a6
13. b4 Ncd7 14. Ng5 $1 Bxg2 15. Kxg2 a5 16. b5 Nc5 17. Bxc5 dxc5 18. Qe3 Qc7
19. Nf3 Rad8 20. Ne5 $16 {Sveshnikov,E-Bistric,F Saraevo 1983/}) 12... Nfe4 $1
13. b4 Na4 {><c4,Ba3} (13... Bf6 14. Qe3 Bxa1 15. bxc5 Bf6 16. cxd6 $44) 14.
Qe3 a6 15. Nbd4 Rc8 (15... d5 {Glatman} 16. Rac1 Bf6 17. Nd2 Nxd2 18. Qxd2 Qd7
19. cxd5 exd5 20. Bb2 Nxb2 21. Qxb2 $14 {Andersson,U-Browne,W London 1980/})
16. Nd2 (16. Rac1 $5 d5 (16... b5 $6 17. Nd2 $1 (17. c5 Bd5 $1 $15) (17. cxb5
Nac3 $13) 17... Nxd2 18. Bxb7 Nxc4 19. Qb3 $16 {><a6,b5}) (16... Bf6 {Glatman}
17. Nd2) 17. Qb3 (17. cxd5 Nec3 $15) 17... Qe8 $13) 16... Nxd2 $8 17. Bxb7 Nxc4
18. Qb3 Rc7 19. Bxa6 Nxa3 20. Qxa4 $6 (20. Qxa3 Nc3 21. Rdc1 Bf6 22. Rxc3 Bxd4
23. Rxc7 Qxc7 $10 (23... Qxc7 {Glatman} 24. Rc1 Qb8 $10)) 20... Nc4 21. Qb3 d5
22. Rac1 Bf6 $1 23. Nf3 (23. Bxc4 dxc4 $36 {/\} (23... Rxc4 24. Nc6 $36) 24.
Rxc4 $2 Rxc4 25. Qxc4 e5 $19) (23. Nb5 Rd7 {/\Qa8}) (23. e3 {Glatman} Bxd4 24.
exd4 (24. Rxd4 $2 Nd2 $1 $19) 24... Nd6 $15) 23... Nd6 $15 {<->c} 24. e3 Qd7
25. Bf1 (25. a4 Rxc1 $1 (25... Ra7 {Glatman}) 26. Rxc1 Ra8 $17) 25... Rfc8 26.
Qb1 $6 (26. Rxc7 Qxc7 27. a4 Ne4 $36) 26... Qa4 27. Rxc7 Rxc7 28. Bd3 g6 29.
Ne1 Ra7 $1 $17 (29... Rc3 $5 {Glatman}) 30. Rc1 $5 $8 (30. Rd2 Bc3 $19) 30...
Qxa2 31. Qxa2 Rxa2 32. Rc6 Ne4 $1 33. Bxe4 dxe4 34. Kf1 (34. Rxb6 $2 Ra1 35.
Kf1 Bc3 $19) 34... b5 35. Rc5 Rb2 36. Rxb5 Rb1 37. Ke2 (37. Rc5 Be7 38. Rc8+
Kg7 $17) 37... Bc3 38. Ng2 (38. Nc2 $2 Rc1 $19) 38... Kg7 $1 {(.)} 39. h4 Kf6
40. Rb7 Bxb4 41. Rb5 h6 42. Rb7 g5 (42... Rb2+ {Glatman} 43. Kf1 g5 $17) 43.
hxg5+ hxg5 44. f4 $8 (44. Rb5 g4 {עe2,Ng2}) 44... g4 $1 {><e3,g3} 45. Rb5 Ke7
46. Rb7+ Kf8 {(+)} 47. Rb8+ Kg7 48. Rb7 Kg6 49. Rb6 Kf6 50. Rb8 Ke7 51. Rb7+
Kf8 52. Rb8+ Kg7 53. Rb7 Rb2+ 54. Kf1 Ba3 $1 $19 55. Rxb2 (55. Ra7 Bc5 $19)
55... Bxb2 56. Ke2 Kf6 57. Nh4 Ke7 58. Kd2 Kd6 59. Ng2 (59. f5 $2 Be5 $19) (59.
Kc2 Bf6 60. Ng2 Kd5 {/\Kc4,Be7-c5-+}) 59... Kd5 60. Ne1 e5 $1 {/\ef4-+} (60...
Kc4 {Glatman} 61. Ng2 Bc3+ 62. Ke2 $10) 61. Ng2 (61. f5 Kd6 {/\Ke7-f6-+}) 61...
exf4 62. Nxf4+ Kc4 63. Ne2 Be5 64. Kc2 Bc7 (64... f5 65. Kd2 Bc7 (65... Kb3 66.
Kc1) 66. Nd4 $5 $17) 65. Nc3 $5 (65. Kd2 Ba5+ 66. Kc2 Be1 67. Kd1 Bf2 68. Kd2
f6 69. Nc3 Be1+ $1 $19) 65... Bxg3 (65... f5 66. Ne2 {-64...f5} (66. Ne2 {
Glatman} Ba5)) 66. Nxe4 Bh2 $1 {/\g3-g2-+} 67. Nd2+ Kd5 68. e4+ Ke6 $2 (68...
Kd4 $19 {/\g3,Bf4}) (68... Ke5 {Glatman} 69. Kd3 g3 70. Nc4+ Kf4 71. Ne3 Kf3
72. e5 Bg1 73. Nf5 Bc5 $19) 69. Nc4 $1 $8 g3 70. Ne3 Ke5 71. Kd3 Kf4 72. Ng2+
$1 Kf3 73. Nh4+ Kg4 (73... Kf2 74. e5 $1 g2 75. Nxg2 Kxg2 76. Ke4 {/\Kf5,e6=} (
76. Ke4 {Glatman} Bg1 77. e6 fxe6 78. Ke5 $10)) 74. Ng2 $10 Bg1 75. Ke2 f6 76.
Kf1 (76. Kf1 Bb6 77. Ne1 (77. Ke2 {Glatman} Ba7 78. Kf1 Kf3 79. Ne1+ Kxe4 80.
Kg2 $10) 77... Ba5 (77... Kf4 78. Kg2 Bf2 79. Nf3 Kxe4 80. Nh4 $10) (77... Kh3
78. Ng2 $10) 78. Ng2 Bd2 79. Ke2 $10) 1/2-1/2

[Event "Baden-Baden-B"]
[Site "Baden-Baden"]
[Date "1992.12.09"]
[Round "5"]
[White "Ribli, Zoltan"]
[Black "Van der Wiel, John"]
[Result "1/2-1/2"]
[WhiteElo "2610"]
[BlackElo "2545"]
[Annotator "Stohl,I"]
[PlyCount "64"]
[EventDate "1992.12.??"]
[EventType "tourn"]
[EventRounds "11"]
[EventCountry "GER"]
[EventCategory "11"]
[SourceTitle "CBM 033"]
[Source "ChessBase"]
[SourceDate "1993.04.01"]
[SourceVersion "1"]
[SourceVersionDate "1993.04.01"]
[SourceQuality "1"]

1. c4 c5 2. Nf3 Nf6 3. Nc3 e6 4. g3 b6 5. Bg2 Bb7 6. O-O Be7 7. d4 cxd4 8. Qxd4
d6 9. Bg5 a6 (9... O-O 10. Rfd1 Nbd7 11. Nb5 $1 $36 {@}) 10. Bxf6 (10. Na4 $5
b5 11. cxb5 axb5 12. Nc3 Nc6 13. Qd3 b4 14. Nd4 d5 (14... Nxd4 $5 15. Bxb7 Rb8
16. Qxd4 Rxb7 $10) 15. Ncb5 O-O 16. Nxc6 Bxc6 17. Rfc1 Qd7 18. Nd4 Rfc8 $6 (
18... Bb7 $13) 19. Nxc6 Rxc6 20. Rxc6 Qxc6 21. e4 $1 $36 {Azmaiparashvili,
Z-Gallego,Eraso,F,Euskadi-Georgia tt 1991}) 10... Bxf6 11. Qf4 (11. Qd3 Ra7 12.
Rfd1 Be7 13. Ne4 (13. Nd4 Bxg2 14. Kxg2 O-O 15. f4 g6 $10 {Mohr,G-Osterman,R,
SLO-ch 1992}) 13... O-O 14. Qe3 Ba8 15. Rac1 Nc6 16. a3 Rd7 17. Nc3 Na5 18. Nd2
Bxg2 19. Kxg2 Qb8 20. b4 Nc6 $10 {Suba,M-Gavrikov,V,Palma GMA-op 1989-TD 89_13}
) 11... Bxf3 (11... O-O 12. Rfd1 Be7 13. Ne4 Bxe4 14. Qxe4 Ra7 15. Nd4 $14 {[+]
}) 12. Qxf3 (12. exf3 $5 Ra7 13. Rfd1 Be7 (13... Rd7 $142 $5 14. Qe3 O-O $13)
14. Qd4 O-O 15. f4 g6 16. h4 Nd7 17. Rac1 Qb8 18. Ne4 $36 {Phominyh,A-Csom,I,
Rimavska Sobota 1991-CBM 24}) 12... Ra7 13. Rfd1 O-O (13... Rd7 14. Rac1 O-O
15. Qe3 $5 (15. b3 Qc7 16. a4 Rc8 17. Na2 Qd8 18. Qd3 a5 $1 19. Be4 h6 20. Qf3
Qc7 $10 {/\Na6-c5,Salov,V-Portisch,L,Szirak izt 1987-CBM 03}) 15... Qc7 16. Na4
Bd8 17. b4 Qa7 18. Rd3 (18. c5 $5 $14) 18... b5 19. Qxa7 Rxa7 20. cxb5 axb5 21.
Nc3 d5 22. e4 Nc6 $1 $132 {Ribli,Z-Ftacnik,BL 9091 1991}) 14. Rac1 Nd7 15. Qe3
(15. Rxd6 $2 Ne5 $17) 15... Be7 {N} (15... Qb8 16. Rc2 $14 b5 $6 17. cxb5 axb5
18. Nxb5 Rxa2 19. Nxd6 Rxb2 20. Rxb2 Qxb2 21. Nxf7 $1 Rxf7 22. Qxe6 Qe5 23. Bd5
$16 {Stangl,M-Ulibin,M,Oakham 1990-EXP 16}) 16. b3 (16. Ne4 Nc5 $10) 16... Rc7
17. Rc2 {/\Rd2,Ne4 קd6} Nc5 18. Qc1 {/\b4,Ne4} (18. Rcd2 Qb8 19. b4 Nd7 {><c4}
20. Nd5 exd5 21. Qxe7 Nf6 22. Qxd6 (22. Qe3 Re8 $15) 22... dxc4 $13) 18... Qb8
$1 19. b4 Nd7 20. Ne4 Ne5 $132 21. f4 (21. Nxd6 Bxd6 22. Rxd6 Nxc4 $1 23. Rd4 (
23. Rxc4 $2 Rxc4 $19) 23... b5 $10) 21... Nxc4 $8 (21... Ng4 22. h3 Nf6 23.
Nxd6 Bxd6 24. Rxd6 Rxc4 25. Rxc4 Qxd6 26. a3 $16 {<->c}) 22. Rxc4 Rxc4 23. Qxc4
d5 24. Qxa6 (24. Qb3 dxe4 25. Rd7 (25. Bxe4 Rd8 $10) 25... Bf6 26. Bxe4 Rd8 27.
Rb7 Qd6 $132) 24... dxe4 25. Bxe4 (25. Qc4 b5 $1 26. Qxe4 Qa7+ $10) 25... Bxb4
$10 26. Rd7 Qc8 27. Qxc8 $8 (27. Qb5 Qc1+ 28. Kg2 Bc5 $40) 27... Rxc8 28. f5
exf5 29. Bxf5 (29. Bd5 $6 Rf8 $15) 29... Re8 30. Bd3 g6 31. Bc4 Re7 32. Rxe7
Bxe7 {[Stohl]} 1/2-1/2

[Event "Hoogovens-B"]
[Site "Wijk aan Zee"]
[Date "1999.01.21"]
[Round "3"]
[White "Bauer, Christian"]
[Black "Brodsky, Michail"]
[Result "1/2-1/2"]
[WhiteElo "2528"]
[BlackElo "2530"]
[Annotator "Stohl,I"]
[PlyCount "140"]
[EventDate "1999.01.19"]
[EventType "tourn"]
[EventRounds "11"]
[EventCountry "NED"]
[EventCategory "11"]
[SourceTitle "CBM 069"]
[Source "ChessBase"]
[SourceDate "1999.04.01"]
[SourceVersion "1"]
[SourceVersionDate "1999.04.01"]
[SourceQuality "1"]

1. d4 Nf6 2. Nf3 e6 3. g3 b6 4. Bg2 Bb7 5. O-O ({Queen's Indian positions can
arise after} 5. c4 {-E15-19}) 5... c5 6. c4 cxd4 7. Qxd4 d6 8. Nc3 a6 {The
move order is quite important in this line.} (8... Be7 $142 {is slightly more
accurate.}) 9. Rd1 (9. Be3 Nbd7 10. Ng5 $5 Bxg2 11. Kxg2 Rc8 $1 12. Nge4 Rc6
13. Nxf6+ Nxf6 14. Rac1 Be7 15. Ne4 O-O 16. Rfd1 Qc7 17. b3 {Piket,J-Prie,E/
Cannes NLD-FRA m/1990/} Rc8 $11) (9. b3 $5 {/\} Be7 10. Ba3 $14) 9... Be7 10.
b3 Nbd7 (10... O-O $6 11. Ba3 Ne8 12. Ne4 $36) 11. e4 Qc8 $1 ({A well-known
error is} 11... O-O $2 12. Ba3 Nc5 13. e5 dxe5 14. Qxd8 Rfxd8 15. Nxe5 $36 {
Vaganian,R (2600)-Nogueiras,J (2575) Rotterdam WCup 1989 1-0 _|_,><b6,c6 with
a very unpleasant endgame. The quoted game is an excellent example how to
handle this position.}) 12. Bb2 ({The aforementioned method is now ineffective:
} 12. Ba3 Nc5 13. e5 $6 (13. Bb2 O-O 14. e5 dxe5 15. Qxe5 Bc6 16. Nd5 Bd8 17.
Ne3 Qb7 18. Ng4 Be7 $1 (18... Bxf3 $6 19. Rxd8 $1) 19. Ne1 Bxg2 20. Nxg2 Rfd8
21. Ne1 h5 22. Ne3 Nce4 23. Qf4 b5 $36 {Schmidt,L-Hoffmann,M/Sitges/1997/})
13... Bxf3 $5 (13... dxe5 14. Nxe5 (14. Qxe5 $2 Ncd7 15. Rxd7 Nxd7 16. Qxg7 Bf6
$19) 14... Bxg2 15. Kxg2 Qb7+ 16. Kg1 O-O 17. Qe3 Rac8 18. Na4 Nxa4 19. Bxe7
Qxe7 20. bxa4 Rc5 21. Rab1 Qc7 22. f4 h5 $132 {Gulkov,I-Pogorelov,R/Voronezh/
1998/}) 14. Bxf3 dxe5 15. Qe3 Rb8 16. Na4 Nxa4 17. Bxe7 Kxe7 18. Qxe5 Qc5 19.
Qe1 Nb2 20. Rd2 Nxc4 21. bxc4 Rhd8 22. Rad1 Rd7 23. Rxd7+ Nxd7 24. Qd2 Qc7 25.
Qc3 g6 $17 {Schneider,A-Wojtkiewicz,A/Stara Zagora zt/1990/}) 12... O-O 13. Qe3
{White hasn't managed to play e4-e5 advantageously and a complex maneuvring
struggle ensues. White's plan is not easy to define, trying to sum it up we
can say: 1/ safeguard his e4 outpost, 2/exert pressure against d6, possibly
after Black's g6 on the long diagonal (Qc1-a1!?) 3/after thorough preparation
possibly advance his >> pawns. This is easier said than done, Black's Hedgehog
is very solid and difficult to break up even if defended passively. The
practical examples prove that if White overreaches, he can be severely
punished.} (13. Nd2 Qc7 (13... Re8 14. Qd3 Bf8 15. Qe2 Qb8 16. Re1 Qa7 17. h3
Rad8 18. Rac1 $11 {1/2,Smejkal,J-Ribli,Z/Munich/1988/}) 14. Rac1 (14. Nf1 Rac8
15. Ne3 Qb8 16. Qd2 Rfe8 17. f3 Bf8 18. Re1 Bc6 19. Rad1 h6 20. Re2 Ba8 21. a3
Red8 22. Qe1 Re8 23. Qd2 Red8 24. Qe1 Re8 $132 {1/2,Espig,L-Michaelsen,N/
GER-ch/1993/}) 14... Rad8 (14... Rac8 15. h3 Rfe8 16. a3 Qb8 17. b4 Red8 18.
Qe3 Ba8 19. Qe2 Ne8 20. Nf1 Bb7 21. Kh2 Nef6 22. Nd2 Ne8 23. Re1 Ba8 24. Nb3
Bg5 25. Rc2 Rc7 26. f4 Bf6 27. Rec1 Rdc8 28. Nd1 Bb7 29. Qd3 Bxb2 30. Nxb2 $14
{(),Karpov,A-Ribli,Z/Dubai olm/1986/ Karpov's idea of expansion on both flanks
is certainly interesting, but Black played rather too passivley.}) 15. h3 Qb8
16. a3 Rfe8 17. b4 Bf8 18. Kh2 g6 19. Qe3 d5 $5 20. Ne2 $1 dxc4 (20... Nxe4
$142 $11) 21. Nxc4 b5 22. Na5 Bg7 23. Bd4 Rc8 24. Kg1 h5 25. Nc3 e5 26. Ba7 Qa8
27. Nxb7 Qxb7 28. Nd5 $14 {Pelletier,Y-Wahls,M/Biel/1994/}) (13. Rac1 Re8 (
13... Rd8 14. Qe3 (14. h3 Qb8 15. Qe3 Re8 16. Nd4 Bf8 17. Re1 Qc7 18. Qe2 Rad8
19. Nd5 Qb8 20. Nxf6+ Nxf6 21. Nc2 Nd7 22. f4 $6 Qa8 23. Kh2 Rc8 24. a3 Rc7 25.
Ne3 Nc5 $17 {Ekstroem,R-Gavrikov,V/SWZ-chT/1993/}) 14... Qc7 15. h3 Rac8 16.
Nd2 (16. Ba3 Bf8 17. Nd4 Qb8 18. Bb2 Qa8 19. Re1 Qb8 20. Rcd1 Ne8 21. Kh2 Nc7
22. f4 Ba8 23. Qe2 Ne8 24. f5 Nc7 25. fxe6 fxe6 26. Rf1 Be7 $13 {Mednis,
E-Heinbuch,D/Amsterdam/1987/}) 16... Qb8 17. Qe2 Re8 18. f4 Qa8 $2 (18... g6
$14) 19. e5 dxe5 20. Bxb7 Qxb7 21. fxe5 $16 {Espig,L-Handke,F/Senden/1998/})
14. h3 Bf8 15. Nh2 (15. Qe3 Qc7 16. g4 Rad8 17. Nd4 Ne5 18. Nde2 Ba8 19. Ng3
Qb8 20. g5 Nfd7 21. Qe2 Ng6 22. Nh5 Bc6 23. Qg4 b5 24. cxb5 axb5 25. Ne2 Ba8
26. h4 d5 $13 {Villamayor,B-Ekstroem,R/Elista olm/1998/}) 15... Qc7 16. Ng4
Nxg4 17. hxg4 Rac8 (17... h6 $5 {><g4}) 18. Bf1 Ba8 19. Ba3 Ne5 20. Be2 Red8
21. Qe3 Qb8 22. g5 Bc6 23. f4 b5 $5 24. cxb5 axb5 25. fxe5 b4 $44 {Efimov,
I-Suba,M/Manresa/1993/}) (13. h3 Rd8 14. Qe3 Qc7 15. Nd4 Rac8 16. f4 Bf8 17.
Qe2 g6 18. Nf3 Bg7 19. Rd2 Nc5 20. Nh2 Qb8 21. Rad1 Ne8 22. f5 $6 Qc7 23. fxe6
fxe6 24. Qg4 Qe7 25. Rf1 Nd7 26. Na4 b5 27. Bxg7 Kxg7 28. cxb5 axb5 29. Nb2 Ne5
$17 {Friedman,A-Wojtkiewicz,A/New York op/1990/}) 13... Qc7 (13... Re8 14. Rac1
(14. h3 Qc7 15. Rac1 Rad8 16. Qe2 (16. Nh2 Qb8 17. Ng4 Ba8 18. Ne2 Nxg4 19.
hxg4 h6 $1 20. Rc2 Ne5 21. f3 d5 $1 22. exd5 Bc5 23. Bd4 exd5 $40 {Espig,
L-Womacka,M/BL2-O/1993/}) 16... Qb8 17. Re1 Bf8 18. Nd2 g6 19. Nf1 Bg7 20. Rcd1
Nc5 21. Qc2 Ba8 22. Ne3 Rc8 23. Qb1 h5 24. h4 Bc6 25. Ba1 b5 26. b4 Ncd7 27.
cxb5 axb5 28. Qd3 Bf8 29. f4 Qa8 $15 {׻,Espig,L-Shipov,S/Berlin/1995/}) 14...
Qc7 (14... Qb8 15. Nd4 Bf8 16. Qd2 Qa7 17. h3 Rad8 18. Re1 h5 19. Re2 g6 20.
Rd1 Qa8 21. Qe1 Bg7 22. Ba1 Nc5 23. f3 Qb8 24. Bb2 Ba8 25. Kh1 Ncd7 26. Nc2 b5
27. Ba3 Bf8 28. cxb5 axb5 29. Bb4 Ne5 30. Nd4 Nc6 $11 {Hulak,K-Ribli,Z/BL8990/
1990/}) 15. Nd4 Rad8 16. h3 Qb8 17. Re1 Bf8 18. Rcd1 Nc5 19. Qc1 Qa8 20. f3 Qb8
21. g4 Ba8 22. Qe3 g6 23. Kh1 Bg7 24. Qf2 h6 25. h4 Ncd7 26. Bc1 Qc7 27. g5
hxg5 28. Bxg5 Rb8 $132 {Rodriguez,R-Adorjan,A/Bacolod/1991/}) 14. Rac1 (14. Nd4
Rfe8 (14... Rac8 15. Qe2 Rfd8 16. Rd2 Nf8 $5 17. Re1 N6d7 18. Red1 Qb8 19. Ba1
Re8 20. Rc2 Bf6 21. Qd2 Nc5 22. Re1 Rcd8 23. Rcc1 Ng6 24. Rcd1 h6 25. Re2 Ba8
26. Qc2 Rc8 $11 {Rodgaard,J-Atlas,V/Breda/1998/ Black's Ng6,Bf6 setup thwarts
most of White's possible active attempts on the >>.}) 15. h3 Bf8 (15... Rac8
16. Re1 Bf8 17. Re2 Qb8 18. Rd1 g6 19. Qd2 Qa8 20. Qe1 Nc5 21. Nc2 Ncd7 22. Na4
$1 b5 23. Bxf6 bxa4 24. Bb2 axb3 25. axb3 Nc5 26. Nb4 $14 {Kramnik,V-Ehlvest,J/
New York/1995/}) 16. Rac1 (16. Re1 g6 17. Rad1 Rad8 18. Qd2 (18. g4 h6 19. Qg3
Qb8 20. Bc1 Bg7 21. Nc2 Nh7 22. Re3 Nc5 23. Nd4 Qa8 24. Nde2 Nf6 $132 {
Bischoff,K-Lau,R/BL8182/1982/}) 18... Bg7 19. Nc2 Nc5 20. Ba1 h5 21. Nb4 Qc8
22. Qf4 Qa8 23. Nd3 Nfd7 24. Nxc5 $11 {1/2,Kramnik,V-Shirov,A/Dos Hermanas/
1997/}) 16... Rad8 17. Rc2 Qb8 18. Re2 g6 19. Qc1 $1 Bg7 $6 20. Qa1 Qa8 21. Nc2
Nc5 22. b4 $1 Ncd7 23. Ne3 Ne5 24. f4 Ned7 25. a3 Nh5 26. Kh2 Qb8 27. Red2 $14
Ndf6 28. e5 $6 dxe5 29. Rxd8 Rxd8 30. Rxd8+ Qxd8 31. Bxb7 exf4 $44 {Lechtynsky,
J-Jurek,J/Trinec CS-ch/1988/}) 14... Rac8 15. Nd4 (15. Qe2 Rfe8 16. Nd4 Bf8 17.
Re1 Qb8 18. Rcd1 g6 19. Qd2 Qa8 20. Nc2 Red8 21. Qf4 b5 22. cxb5 axb5 23. Nb4
h6 24. a3 Nh5 25. Qe3 Qa5 26. Ne2 Nhf6 27. h3 h5 28. Qf4 e5 29. Qe3 Nc5 $11 {
Ulibin,M-Arsovic,Z/Cheliabinsk/1989/}) 15... Rfe8 16. h3 Bf8 17. Qe2 $146 (17.
Re1 Qb8 18. Qd2 Nc5 19. Re2 Qa8 20. Rce1 Red8 21. Qe3 g6 22. Rd1 Bg7 23. Ba3 $6
d5 $1 24. exd5 exd5 25. Nc2 Re8 $36 {Xu Jun-Suba,M/Timisoara/1987/}) 17... Qb8
18. Re1 g6 19. Rcd1 Rcd8 20. Qe3 Qc7 21. Qd2 ({As we already said} 21. Qc1 $5
$14 {deserves attention.}) 21... Qb8 22. Qe3 Qa8 23. Qe2 Rc8 24. Qd2 Nc5 25.
Qf4 $6 Nh5 26. Qg5 Bg7 $5 (26... Be7 27. Qd2 Bf8 $11) 27. Qd2 f5 $1 {After
some meaningless piece shuffling Black rightly decides to take action.} ({
More sedate was} 27... Nf6 $143 $11) 28. g4 fxg4 $6 {Inconsistent.} (28... Nf6
$142 $1 $36) 29. hxg4 Nf6 30. f3 $14 (30. g5 $6 Nh5 {><f4}) 30... Rcd8 31. Qf2
Qb8 32. Qg3 Qc7 33. Kh1 Qf7 34. Nc2 e5 $6 {[%csl Rd5,Rd6]} (34... Qc7 35. Ne3
$14 {Black's central pawns are somewhat vulnerable.}) 35. Bc1 Ne6 36. Nb4 Nd4
37. Bg5 Rc8 38. Ne2 $1 $16 {Forestalls Black's activity and leaves him with
seriously weakened pawns.} b5 (38... Nd7 $142 $5 39. Nxd4 (39. Be3 a5 $5) 39...
exd4 40. Bc1 $5 {/\Bb2+/-} (40. Nc2 b5 41. Nxd4 bxc4 42. Qxd6 c3 $5 $14)) (
38... Nxe2 39. Rxe2 $16) 39. Nxd4 exd4 40. cxb5 axb5 41. Qxd6 Nd7 {/\Be5-+} 42.
Nd5 (42. Qg3 $5 $16) 42... Bxd5 (42... Be5 $2 43. Ne7+ $18) 43. Qxd5 h6 $5 (
43... Qxd5 44. exd5 $16) 44. Qxf7+ $2 (44. Bd2 $142 Rc2 $5 (44... Qxd5 45. exd5
Rxe1+ 46. Bxe1 (46. Rxe1 Rc2 $13) 46... Rc2 47. a3 $16) 45. Qxb5 Rxa2 $14)
44... Kxf7 45. Be3 {[%mdl 256] The ^- promise Black a chance to blockade the
position. Brodsky saves the ^-_|_ by building a defensive fortress.} (45. Bf4
$142 g5 $5 (45... Rc2 46. a4 $14) 46. Bd6 Rc2 47. Bf1 $14) (45. Bd2 Rc2 46. a4
bxa4 47. bxa4 Rb8 $132) 45... dxe3 $1 {[%csl Rg2,Gg7] []^-} 46. Rxd7+ Re7 47.
Rxe7+ (47. Rd5 Rc2 $44) 47... Kxe7 48. Bf1 ({Hardly any better is} 48. Rxe3
Rc1+ 49. Kh2 Be5+ 50. Kh3 b4 $44 {ץg2,עh3}) 48... b4 49. Rxe3 Rc3 $1 50. Rxc3
Bxc3 51. Kg2 (51. f4 g5 $1 52. f5 Kd6 53. Kg2 Bf6 54. Kf3 Kc5 55. Ke3 Be5 56.
Bc4 Bf6 57. Bg8 Be5 $11 {and White can't force any break, as he can never get
his K to b2 to play a3.}) 51... g5 $11 52. Bc4 Kd6 53. Kf2 Kc5 54. Ke3 Bd4+ 55.
Kd3 Be5 56. Be6 Kb5 57. Bd7+ Kc5 58. Be8 Bf6 59. e5 {The last attempt. But
even the exchange of Pe4 for Ph6 can't shake Black's fortress.} Bxe5 60. Ke4
Bf4 61. Bf7 Bd2 62. Kf5 Kb6 63. Kg6 Ka5 64. Kxh6 Bf4 65. Kg6 Be3 66. Kf5 Bf4
67. Ke4 Bc1 68. Be8 Bf4 69. Kd4 Bc1 70. Kc4 Bf4 (70... Bf4 71. a3 bxa3 72. b4+
Kb6 73. Kb3 Bc1 $11 (73... Be3 74. Kxa3 Bf4 $11)) 1/2-1/2